Nghề bán hàng

Đã lưu trong:
書目詳細資料
主要作者:  Trịnh Xuân Dũng
格式: Sách
語言:Undetermined
出版:  Thống kê  2005
主題:
標簽: 添加標簽
沒有標簽, 成為第一個標記此記錄!
Thư viện lưu trữ: Trung tâm Thư viện - Trường Đại học Công nghiệp TP. Hồ Chí Minh
LEADER 00470nam a2200157Ia 4500
001 UIH_06857
008 231011s9999 xx 000 0 und d
082 |a  658.81 
100 |a  Trịnh Xuân Dũng 
245 0 |a  Nghề bán hàng 
245 0 |c  Trịnh Xuân Dũng 
260 |b  Thống kê 
260 |c  2005 
650 |a  Bán hàng;  
927 |a Sách 
980 |a Trung tâm Thư viện - Trường Đại học Công nghiệp TP. Hồ Chí Minh